[Event "SLO-chT1 West"]
[Site "Slovenia"]
[Date "2022.10.16"]
[Round "6.2"]
[White "Justin, Matjaz"]
[Black "Sirnik, Bostjan"]
[Result "0-1"]
[WhiteElo "2250"]
[BlackElo "2202"]
[PlyCount "62"]
[EventDate "2022.10.07"]
[EventType "team-tourn"]
[EventRounds "9"]
[EventCountry "SLO"]
[SourceTitle "CBM 210 Extra"]
[Source "ChessBase"]
[SourceDate "2022.11.30"]
[SourceVersion "1"]
[SourceVersionDate "2022.11.30"]
[SourceQuality "1"]
[WhiteTeam "Vrhnika"]
[BlackTeam "Ilirska Bistrica Rimex"]
[WhiteTeamCountry "SLO"]
[BlackTeamCountry "SLO"]

1. e4 d6 2. d4 Nf6 3. Nc3 e5 4. Nf3 Nbd7 5. Bc4 Be7 6. 0-0 0-0 7. a4 c6 8. Ba2 Qc7 9. Re1 h6 10. h3 Re8 11. Qd3 Nf8 12. dxe5 dxe5 13. Nh4 Be6 14. Nf5 Bxa2 15. Rxa2 Ng6 16. Qf3 Nh7 17. g3 Bg5 18. h4 Bxc1 19. Rxc1 Ne7 20. Ne3 Nf8 21. Qe2 Rad8 22. Ncd1 Ne6 23. c3 Nc5 24. Qc4 Nd3 25. Rb1 Qd7 26. b4 Qh3 27. Re2 Ng6 28. Nb2 Nxh4 29. gxh4 Re6 30. f3 Qxf3 31. Nxd3 Qxe2 0-1

[Event "SLO-chT1 West"]
[Site "Slovenia"]
[Date "2022.10.09"]
[Round "3.2"]
[White "Sirnik, Bostjan"]
[Black "Plaskan, Jure"]
[Result "0-1"]
[WhiteElo "2202"]
[BlackElo "2217"]
[PlyCount "90"]
[EventDate "2022.10.07"]
[EventType "team-tourn"]
[EventRounds "9"]
[EventCountry "SLO"]
[SourceTitle "CBM 210 Extra"]
[Source "ChessBase"]
[SourceDate "2022.11.30"]
[SourceVersion "1"]
[SourceVersionDate "2022.11.30"]
[SourceQuality "1"]
[WhiteTeam "Ilirska Bistrica Rimex"]
[BlackTeam "Domzale Tajfun"]
[WhiteTeamCountry "SLO"]
[BlackTeamCountry "SLO"]

1. d4 Nf6 2. Bf4 c5 3. e3 d5 4. c3 Qb6 5. Qb3 c4 6. Qc2 g6 7. Nd2 Bf5 8. Qc1 Nc6 9. h3 Bg7 10. Ngf3 0-0 11. Be2 Rfc8 12. 0-0 Nd7 13. Bd1 e5 14. dxe5 Bxe5 15. Bh6 Nc5 16. Bc2 Bd3 17. Rd1 a5 18. Rb1 Qd8 19. Bxd3 Nxd3 20. Qc2 b5 21. e4 d4 22. Nf1 Qe7 23. Nxe5 Qxe5 24. Ng3 b4 25. cxd4 Nxd4 26. Qd2 Rd8 27. Be3 Ne6 28. Qe2 Rac8 29. b3 Nd4 30. Bxd4 Qxd4 31. bxc4 Rxc4 32. Kh2 Rc3 33. Rd2 a4 34. Rbd1 b3 35. axb3 axb3 36. Qg4 Rb8 37. Nf5 Qe5+ 38. f4 Qxe4 39. Nh6+ Kg7 40. Nxf7 Kxf7 41. Qd7+ Kg8 42. Rxd3 Rxd3 43. Rxd3 Qxf4+ 44. g3 Qf2+ 45. Kh1 b2 0-1

[Event "SLO-chT1 West"]
[Site "Slovenia"]
[Date "2022.10.08"]
[Round "2.2"]
[White "Mazi, Leon"]
[Black "Sirnik, Bostjan"]
[Result "1/2-1/2"]
[WhiteElo "2344"]
[BlackElo "2202"]
[PlyCount "129"]
[EventDate "2022.10.07"]
[EventType "team-tourn"]
[EventRounds "9"]
[EventCountry "SLO"]
[SourceTitle "CBM 210 Extra"]
[Source "ChessBase"]
[SourceDate "2022.11.30"]
[SourceVersion "1"]
[SourceVersionDate "2022.11.30"]
[SourceQuality "1"]
[WhiteTeam "Kranj Tomo Zupan"]
[BlackTeam "Ilirska Bistrica Rimex"]
[WhiteTeamCountry "SLO"]
[BlackTeamCountry "SLO"]

1. e4 d6 2. d4 Nf6 3. Nc3 e5 4. Nf3 Nbd7 5. Bc4 Be7 6. 0-0 0-0 7. Qe2 c6 8. a4 Qc7 9. Rd1 h6 10. Ba2 b6 11. h3 a6 12. dxe5 dxe5 13. Nh4 Nc5 14. Ng6 Re8 15. Nxe7+ Qxe7 16. Be3 Ncxe4 17. Nxe4 Nxe4 18. Bxb6 Nf6 19. a5 Nd5 20. Bxd5 cxd5 21. Rxd5 Bb7 22. Rd3 Qe6 23. Rc3 Qd5 24. Qf1 Re6 25. Rd1 Qa2 26. b3 Rg6 27. g3 Qb2 28. Qe1 Kh7 29. h4 Rc8 30. Bc5 Rg4 31. Qxe5 Rc6 32. Qf5+ Rcg6 33. Re3 Rxh4 34. f3 Rh5 35. Qxh5 Rxg3+ 36. Kf2 Rg5 37. Qxg5 hxg5 38. Rd2 Qf6 39. Bd6 g4 40. Be5 Qf5 41. f4 f6 42. Bc7 Qh5 43. c4 Bf3 44. Rxf3 gxf3 45. Bb6 g5 46. fxg5 fxg5 47. Kg3 Qh4+ 48. Kxf3 Qh3+ 49. Ke4 Qxb3 50. Kf5 Qh3+ 51. Kf6 Qh6+ 52. Ke7 Qc6 53. c5 Qe4+ 54. Kd7 Qf5+ 55. Kc7 Qf4+ 56. Rd6 g4 57. c6 g3 58. Kd7 Qf5+ 59. Re6 Qd5+ 60. Ke7 Qg5+ 61. Ke8 Qb5 62. Kd7 Qd5+ 63. Rd6 Qf5+ 64. Kd8 Qg5+ 65. Kd7 1/2-1/2

[Event "SLO-CupT"]
[Site "Portoroz"]
[Date "2016.03.11"]
[Round "1"]
[White "Brinovec, Dusan"]
[Black "Sirnik, Bostjan"]
[Result "1-0"]
[WhiteElo "2209"]
[BlackElo "2227"]
[PlyCount "111"]
[EventDate "2016.03.11"]
[EventType "team-swiss"]
[EventRounds "5"]
[EventCountry "SLO"]
[SourceTitle "EXT 2019"]
[Source "ChessBase"]
[SourceDate "2018.10.10"]
[SourceVersion "1"]
[SourceVersionDate "2018.10.10"]
[SourceQuality "1"]
[WhiteTeam "Zalec"]
[BlackTeam "Val Koper"]
[WhiteTeamCountry "SLO"]
[BlackTeamCountry "SLO"]

1. d4 d5 2. Nf3 c6 3. e3 Bf5 4. c4 e6 5. Nc3 Nd7 6. Bd3 Bxd3 7. Qxd3 Ngf6 8. 0-0 Bb4 9. a3 Be7 10. b3 0-0 11. e4 dxe4 12. Nxe4 Nxe4 13. Qxe4 Qb6 14. Rb1 a5 15. Rd1 Rfd8 16. Rd3 Qa6 17. Ng5 Nf8 18. Rh3 Bxg5 19. Bxg5 f6 20. Bf4 b5 21. c5 Rd5 22. Bd6 Rd8 23. Bxf8 Rxd4 24. Qxe6+ Kxf8 25. Re1 Qc8 26. Qe7+ Kg8 27. Rg3 R4d7 28. Qxf6 Rf7 29. Qc3 Rdf8 30. h3 Qc7 31. Re2 h6 32. Rge3 Qd8 33. Rd2 Qh4 34. Rg3 Qe4 35. f3 Qf5 36. Rd6 Rf6 37. Rxc6 b4 38. axb4 axb4 39. Qc4+ Kh8 40. Rxf6 Rxf6 41. Qxb4 Qe5 42. Kh2 h5 43. Qh4 Qxc5 44. Qg5 Qxg5 45. Rxg5 Rb6 46. Rxh5+ Kg8 47. Re5 Rxb3 48. h4 Kf7 49. Kh3 Kf6 50. Ra5 Rb1 51. h5 Rb4 52. g3 Rc4 53. f4 Rc3 54. Kg4 Rb3 55. Ra6+ Kf7 56. h6 1-0

[Event "SLO-chT1 West"]
[Site "Ljubljana"]
[Date "2014.10.04"]
[Round "2"]
[White "Sirnik, Bostjan"]
[Black "Piskur, Mitja"]
[Result "1/2-1/2"]
[WhiteElo "2254"]
[BlackElo "2286"]
[PlyCount "130"]
[EventDate "2014.10.03"]
[EventType "team-tourn"]
[EventRounds "9"]
[EventCountry "SLO"]
[SourceTitle "EXT 2019"]
[Source "ChessBase"]
[SourceDate "2018.10.10"]
[SourceVersion "1"]
[SourceVersionDate "2018.10.10"]
[SourceQuality "1"]
[WhiteTeam "Val Koper"]
[BlackTeam "Trebnje BMP"]
[WhiteTeamCountry "SLO"]
[BlackTeamCountry "SLO"]

1. e4 d5 2. exd5 Qxd5 3. Nf3 Bg4 4. Be2 Nf6 5. d4 e6 6. 0-0 Be7 7. h3 Bh5 8. Bf4 c6 9. Re1 Nbd7 10. c4 Qa5 11. Nc3 0-0 12. a3 Qd8 13. d5 exd5 14. cxd5 cxd5 15. Nxd5 Bc5 16. Rc1 Rc8 17. b4 Nxd5 18. Qxd5 Bxf3 19. Bxf3 Bb6 20. Rxc8 Qxc8 21. Rc1 Qd8 22. Rd1 Qf6 23. Bg5 Qe5 24. Qxb7 Qxg5 25. Rxd7 Qc1+ 26. Rd1 Qb2 27. Rf1 Qxa3 28. b5 Qb2 29. Bc6 Qe5 30. Qd7 h5 31. Qd5 Qxd5 32. Bxd5 Rc8 33. Bc6 Rd8 34. Bf3 h4 35. Rd1 Rc8 36. Bc6 a5 37. Kf1 Rd8 38. Rxd8+ Bxd8 39. Ke2 Kf8 40. Kd3 Ke7 41. Bd5 f5 42. Kc4 Bb6 43. f4 Kd6 44. Bf3 Be3 45. Bd5 a4 46. Bf7 Ke7 47. Bg6 Kf6 48. Be8 a3 49. Kb3 Bc5 50. b6 Bxb6 51. Kxa3 Ke6 52. Bg6 Bc7 53. Kb3 Bxf4 54. Kc2 Kf6 55. Be8 Ke5 56. Kd3 Bc1 57. Ke2 Kf4 58. Bg6 Ba3 59. Kf1 Bc5 60. Ke2 Kg5 61. Be8 Kf4 62. Bg6 Ke4 63. Kf1 Ke5 64. Ke2 Kf6 65. Be8 Ke5 1/2-1/2

[Event "SLO-chT Central Superliga 15th"]
[Site "Slovenia"]
[Date "2014.09.25"]
[Round "3.1"]
[White "Sirnik, Bostjan"]
[Black "Krumpak, Hinko"]
[Result "1-0"]
[WhiteElo "2254"]
[BlackElo "2140"]
[PlyCount "97"]
[EventDate "2014.09.11"]
[EventType "team-tourn"]
[EventRounds "9"]
[EventCountry "SLO"]
[SourceTitle "EXT 2022"]
[Source "ChessBase"]
[SourceDate "2021.10.06"]
[SourceVersion "1"]
[SourceVersionDate "2021.10.06"]
[SourceQuality "1"]
[WhiteTeam "Rimex"]
[BlackTeam "Visnja Gora Sticna"]
[WhiteTeamCountry "SLO"]
[BlackTeamCountry "SLO"]

1. d4 d6 2. c3 e5 3. dxe5 dxe5 4. Qxd8+ Kxd8 5. Nf3 f6 6. e4 Be6 7. Nfd2 g6 8. Bc4 Bxc4 9. Nxc4 Bh6 10. Nbd2 Nc6 11. Ke2 Kd7 12. Rd1 Rd8 13. Nb3+ Kc8 14. Rxd8+ Kxd8 15. Nc5 Kc8 16. Be3 b6 17. Nd3 Bxe3 18. Nxe3 Nge7 19. g3 f5 20. f3 Kd7 21. Rd1 Ke6 22. Nd5 Rc8 23. Ke3 Na5 24. Nxe7 Nc4+ 25. Ke2 Kxe7 26. exf5 gxf5 27. b3 e4 28. bxc4 exd3+ 29. Rxd3 Ke6 30. Ke3 Rf8 31. Kf4 Rf6 32. Rd5 Ke7 33. Rxf5 Rc6 34. c5 bxc5 35. Rh5 Ra6 36. Ke5 Rxa2 37. Rxh7+ Kd8 38. Kd5 Ra3 39. Kc4 a5 40. g4 Ra2 41. g5 Rg2 42. f4 a4 43. h4 Kc8 44. Re7 a3 45. Re1 a2 46. h5 Rf2 47. Kb3 c4+ 48. Ka3 Re2 49. Ra1 1-0

[Event "SLO-CupT"]
[Site "Radenci"]
[Date "2014.05.04"]
[Round "6"]
[White "Tomazini, Zan"]
[Black "Sirnik, Bostjan"]
[Result "1/2-1/2"]
[WhiteElo "2286"]
[BlackElo "2260"]
[PlyCount "103"]
[EventDate "2014.05.02"]
[EventType "team-tourn"]
[EventRounds "7"]
[EventCountry "SLO"]
[SourceTitle "EXT 2019"]
[Source "ChessBase"]
[SourceDate "2018.10.10"]
[SourceVersion "1"]
[SourceVersionDate "2018.10.10"]
[SourceQuality "1"]
[WhiteTeam "Slovenska Bistrica Impol"]
[BlackTeam "Val Koper"]
[WhiteTeamCountry "SLO"]
[BlackTeamCountry "SLO"]

1. e4 d6 2. d4 Nf6 3. Nc3 e5 4. Nf3 Nbd7 5. Bc4 Be7 6. 0-0 0-0 7. Re1 c6 8. a4 Qc7 9. h3 h6 10. Ba2 Re8 11. a5 Nf8 12. d5 Bd7 13. Qd3 Rac8 14. Be3 Qb8 15. b4 Ng6 16. Rab1 b5 17. axb6 axb6 18. dxc6 Bxc6 19. b5 Ba8 20. Nd2 Nf4 21. Bxf4 exf4 22. Ne2 Nd7 23. Nxf4 Ne5 24. Qb3 Bg5 25. g3 Qc7 26. c4 Qe7 27. Re3 Qf6 28. Nh5 Qg6 29. f4 Qxh5 30. fxg5 Qxh3 31. c5 dxc5 32. g4 Qxg4+ 33. Rg3 Qh5 34. g6 c4 35. gxf7+ Qxf7 36. Qe3 Re6 37. Rf1 Rf6 38. Rf5 Rxf5 39. exf5 Qxf5 40. Qxh6 Ng4 41. Qxb6 Bd5 42. Qd4 Nf6 43. b6 Qh5 44. Nf3 Bxf3 45. Qxf6 Qh1+ 46. Kf2 Qh2+ 47. Kxf3 Qxg3+ 48. Kxg3 gxf6 49. b7 Rb8 50. Bxc4+ Kf8 51. Bd5 Ke7 52. Kf4 1/2-1/2

[Event "SLO-CupT"]
[Site "Radenci"]
[Date "2014.05.03"]
[Round "4"]
[White "Gantar, Jan"]
[Black "Sirnik, Bostjan"]
[Result "1-0"]
[WhiteElo "2197"]
[BlackElo "2260"]
[PlyCount "55"]
[EventDate "2014.05.02"]
[EventType "team-tourn"]
[EventRounds "7"]
[EventCountry "SLO"]
[SourceTitle "EXT 2019"]
[Source "ChessBase"]
[SourceDate "2018.10.10"]
[SourceVersion "1"]
[SourceVersionDate "2018.10.10"]
[SourceQuality "1"]
[WhiteTeam "Komenda"]
[BlackTeam "Val Koper"]
[WhiteTeamCountry "SLO"]
[BlackTeamCountry "SLO"]

1. e4 d6 2. d4 Nf6 3. Nc3 e5 4. Nf3 Nbd7 5. Bc4 Be7 6. 0-0 0-0 7. Re1 c6 8. a4 Qc7 9. b3 h6 10. h3 Rd8 11. Bf1 Nf8 12. g3 Ne6 13. Be3 exd4 14. Nxd4 d5 15. exd5 Nxd5 16. Nxd5 Rxd5 17. Bc4 Rxd4 18. Bxd4 Nxd4 19. Qxd4 Bxh3 20. Rad1 Bf6 21. Qe4 Qa5 22. Qg6 Rf8 23. Re8 Qc7 24. Rxf8+ Kxf8 25. Qh7 Bc3 26. Rd3 Be5 27. Rf3 Bf6 28. Rxf6 1-0

[Event "Ljubljana-chT 67th Superliga"]
[Site "Ljubljana"]
[Date "2014.03.13"]
[Round "7.2"]
[White "Debevec, Blaz"]
[Black "Sirnik, Bostjan"]
[Result "1-0"]
[WhiteElo "2163"]
[BlackElo "2260"]
[PlyCount "87"]
[EventDate "2014.01.09"]
[EventType "team-tourn"]
[EventRounds "9"]
[EventCountry "SLO"]
[SourceTitle "EXT 2022"]
[Source "ChessBase"]
[SourceDate "2021.10.06"]
[SourceVersion "1"]
[SourceVersionDate "2021.10.06"]
[SourceQuality "1"]
[WhiteTeam "Komenda Popotnik"]
[BlackTeam "Mentor"]
[WhiteTeamCountry "SLO"]
[BlackTeamCountry "SLO"]

1. d4 d5 2. c4 c6 3. Nf3 Nf6 4. e3 Bf5 5. Nc3 e6 6. Nh4 Be4 7. Qb3 Qc7 8. f3 Bg6 9. Bd2 Nbd7 10. Rc1 Be7 11. Nxg6 hxg6 12. f4 dxc4 13. Bxc4 Nb6 14. Be2 Rd8 15. Bf3 g5 16. fxg5 Nfd5 17. g3 Bxg5 18. Ne4 Be7 19. 0-0 Nd7 20. Rf2 Qb6 21. Qc2 e5 22. Nc5 Nxc5 23. dxc5 Qc7 24. e4 Nf6 25. Be3 0-0 26. Qc4 Qd7 27. Rd1 Qh3 28. Rfd2 Nh7 29. Rxd8 Rxd8 30. Rxd8+ Bxd8 31. Qd3 Be7 32. b4 Qe6 33. Qb3 Qd7 34. Qd1 Qe6 35. Qd3 Qg6 36. b5 Bg5 37. Bf2 Qf6 38. Kg2 Bh6 39. bxc6 Qxc6 40. Qd5 Qc7 41. h4 Nf8 42. Bd1 Ne6 43. Bb3 b6 44. Qa8+ 1-0

[Event "Mediterranean op 6th"]
[Site "Rijeka"]
[Date "2013.12.05"]
[Round "7"]
[White "Fucak, Emilijo"]
[Black "Sirnik, Bostjan"]
[Result "1-0"]
[WhiteElo "2223"]
[BlackElo "2227"]
[PlyCount "57"]
[EventDate "2013.11.30"]
[EventType "swiss"]
[EventRounds "9"]
[EventCountry "CRO"]
[SourceTitle "CBM 157 Extra"]
[Source "ChessBase"]
[SourceDate "2013.12.19"]
[SourceVersion "1"]
[SourceVersionDate "2013.12.19"]
[SourceQuality "1"]

1. c4 e5 2. g3 d6 3. Bg2 Be7 4. e4 c6 5. Nc3 f5 6. d3 Nf6 7. Nge2 0-0 8. h3 a5 9. Be3 Qe8 10. Qd2 Qg6 11. Rg1 fxe4 12. dxe4 a4 13. f4 Qf7 14. Rc1 Be6 15. b3 axb3 16. axb3 exf4 17. gxf4 Nh5 18. f5 Bh4+ 19. Kd1 Bc8 20. Bf3 Nd7 21. Bxh5 Qxh5 22. Kc2 Ne5 23. Nf4 Qf7 24. Qxd6 Bf6 25. Rcd1 Nxc4 26. bxc4 Qxc4 27. Bd4 Rd8 28. Qxf6 Ra2+ 29. Kc1 1-0

[Event "Mediterranean op 6th"]
[Site "Rijeka"]
[Date "2013.12.03"]
[Round "5"]
[White "Doric, Nenad"]
[Black "Sirnik, Bostjan"]
[Result "1/2-1/2"]
[WhiteElo "2290"]
[BlackElo "2227"]
[PlyCount "37"]
[EventDate "2013.11.30"]
[EventType "swiss"]
[EventRounds "9"]
[EventCountry "CRO"]
[SourceTitle "CBM 157 Extra"]
[Source "ChessBase"]
[SourceDate "2013.12.19"]
[SourceVersion "1"]
[SourceVersionDate "2013.12.19"]
[SourceQuality "1"]

1. d4 d5 2. c4 c6 3. Nf3 Nf6 4. Nc3 a6 5. Ne5 Nbd7 6. Bf4 dxc4 7. Nxc4 b5 8. Ne5 Bb7 9. e3 e6 10. Be2 Nxe5 11. Bxe5 c5 12. Bf3 Qb6 13. 0-0 Rd8 14. Bxf6 gxf6 15. dxc5 Bxc5 16. Qe2 Bd6 17. Rfd1 Ke7 18. Ne4 Be5 19. Rxd8 1/2-1/2

[Event "SLO-chT1 West"]
[Site "Ljubljana"]
[Date "2013.10.26"]
[Round "8"]
[White "Mestek, Igor"]
[Black "Sirnik, Bostjan"]
[Result "1/2-1/2"]
[WhiteElo "2158"]
[BlackElo "2211"]
[PlyCount "50"]
[EventDate "2013.09.27"]
[EventType "team-tourn"]
[EventRounds "9"]
[EventCountry "SLO"]
[SourceTitle "EXT 2019"]
[Source "ChessBase"]
[SourceDate "2018.10.10"]
[SourceVersion "1"]
[SourceVersionDate "2018.10.10"]
[SourceQuality "1"]
[WhiteTeam "Kocevje"]
[BlackTeam "Val Koper"]
[WhiteTeamCountry "SLO"]
[BlackTeamCountry "SLO"]

1. e4 d6 2. d4 Nf6 3. Nc3 e5 4. Nf3 Nbd7 5. g4 Nxg4 6. Rg1 Ngf6 7. Be3 c6 8. Qd3 b5 9. 0-0-0 Qc7 10. Kb1 a5 11. Ne2 b4 12. Ng3 g6 13. Ng5 h6 14. Nf3 c5 15. dxe5 dxe5 16. h4 Ba6 17. c4 Nb6 18. Qc2 h5 19. Ng5 Bh6 20. f3 Nfd7 21. Bh3 Nf8 22. Qf2 Na4 23. Qc2 Nb6 24. Qf2 Na4 25. Qc2 Nb6 1/2-1/2

[Event "SLO-chT1 West"]
[Site "Ljubljana"]
[Date "2013.10.18"]
[Round "4"]
[White "Sirnik, Bostjan"]
[Black "Belamaric, Goran"]
[Result "1/2-1/2"]
[WhiteElo "2211"]
[BlackElo "2270"]
[PlyCount "30"]
[EventDate "2013.09.27"]
[EventType "team-tourn"]
[EventRounds "9"]
[EventCountry "SLO"]
[SourceTitle "EXT 2019"]
[Source "ChessBase"]
[SourceDate "2018.10.10"]
[SourceVersion "1"]
[SourceVersionDate "2018.10.10"]
[SourceQuality "1"]
[WhiteTeam "Val Koper"]
[BlackTeam "Piran"]
[WhiteTeamCountry "SLO"]
[BlackTeamCountry "SLO"]

1. d4 Nf6 2. Bg5 c5 3. Bxf6 exf6 4. c3 Qb6 5. Qc2 Nc6 6. e3 d6 7. Nd2 Be7 8. Ne2 f5 9. Nf4 cxd4 10. Nd5 Qd8 11. cxd4 0-0 12. Be2 Be6 13. Nxe7+ Qxe7 14. 0-0 Rfc8 15. Qa4 Bd7 1/2-1/2

[Event "SLO-chT Central Superliga 14th"]
[Site "Slovenia"]
[Date "2013.09.26"]
[Round "2.1"]
[White "Sirnik, Bostjan"]
[Black "Krumpak, Hinko"]
[Result "0-1"]
[WhiteElo "2211"]
[BlackElo "2104"]
[PlyCount "112"]
[EventDate "2013.09.19"]
[EventType "team-tourn"]
[EventRounds "9"]
[EventCountry "SLO"]
[SourceTitle "EXT 2022"]
[Source "ChessBase"]
[SourceDate "2021.10.06"]
[SourceVersion "1"]
[SourceVersionDate "2021.10.06"]
[SourceQuality "1"]
[WhiteTeam "Srecko Kosovel"]
[BlackTeam "Visnja Gora Sticna"]
[WhiteTeamCountry "SLO"]
[BlackTeamCountry "SLO"]

1. d4 d5 2. Bf4 Nc6 3. e3 e6 4. c3 Bd6 5. Qg4 Qf6 6. Bxd6 cxd6 7. Qg3 e5 8. Nf3 Nge7 9. h3 h6 10. Bb5 Bd7 11. 0-0 g5 12. dxe5 dxe5 13. Rd1 Qe6 14. c4 dxc4 15. Nbd2 f5 16. Nxc4 f4 17. Qg4 Qxg4 18. hxg4 Bxg4 19. Ncxe5 Bxf3 20. Nxf3 fxe3 21. fxe3 Rd8 22. Nd4 a6 23. Bc4 b5 24. Bb3 Nxd4 25. exd4 Rf8 26. a4 b4 27. Rac1 Kd7 28. Rc4 Rb8 29. Re1 Rf6 30. a5 Kd6 31. Re5 Rf5 32. Rcc5 Rxe5 33. Rxe5 Nc6 34. Re6+ Kc7 35. Rxh6 Nxa5 36. Ba4 Rb6 37. Rh7+ Kd6 38. Rg7 Nc4 39. b3 Nb2 40. Be8 Kd5 41. Rxg5+ Kxd4 42. Rf5 Nd3 43. g4 Ne5 44. g5 Rb8 45. Ba4 Rg8 46. Kf1 Ke4 47. Rf6 a5 48. Ra6 Rxg5 49. Rxa5 Kd4 50. Ra8 Nd3 51. Rh8 Re5 52. Rc8 Re1+ 53. Kg2 Nc5 54. Kf2 Re5 55. Bb5 Ne4+ 56. Kf3 Nd2+ 0-1

[Event "Trieste op 15th"]
[Site "Trieste"]
[Date "2013.09.02"]
[Round "4"]
[White "Mazi, Leon"]
[Black "Sirnik, Bostjan"]
[Result "1/2-1/2"]
[WhiteElo "2368"]
[BlackElo "2211"]
[PlyCount "123"]
[EventDate "2013.08.31"]
[EventType "swiss"]
[EventRounds "9"]
[EventCountry "ITA"]
[SourceTitle "CBM 156 Extra"]
[Source "ChessBase"]
[SourceDate "2013.10.22"]
[SourceVersion "1"]
[SourceVersionDate "2013.10.22"]
[SourceQuality "1"]

1. e4 d5 2. exd5 Qxd5 3. Nc3 Qa5 4. d4 Nf6 5. Nf3 c6 6. Ne5 Be6 7. Nc4 Qc7 8. Bg5 Nbd7 9. Qd2 Bxc4 10. Bxc4 e6 11. Bf4 Bd6 12. Ne2 0-0 13. 0-0-0 Bxf4 14. Qxf4 Qxf4+ 15. Nxf4 e5 16. dxe5 Nxe5 17. Bb3 Rfe8 18. f3 Nfd7 19. c3 Nc5 20. Bc2 a5 21. Rd4 Kf8 22. Rhd1 g6 23. b3 Re7 24. Nh3 Ne6 25. Re4 Nd7 26. Rde1 Nf6 27. Re5 Rd7 28. Rd1 Rxd1+ 29. Bxd1 Nd5 30. Kc2 Ke7 31. Nf2 Kd6 32. Re1 Nc5 33. g3 b5 34. a3 b4 35. cxb4 axb4 36. a4 f5 37. f4 Ne6 38. Nd3 Nd4+ 39. Kb2 Rf8 40. Ne5 Nc3 41. Bc2 Rf6 42. Bd3 c5 43. Bf1 Ne4 44. Bg2 Nd2 45. Re3 Kc7 46. Rd3 Ne4 47. Bxe4 fxe4 48. Re3 g5 49. Ng4 gxf4 50. Rxe4 Rg6 51. Rxf4 Re6 52. Rf2 h5 53. Nf6 Kc6 54. g4 Re3 55. g5 Rxb3+ 56. Kc1 c4 57. g6 Ra3 58. Ne4 c3 59. Kb1 Rb3+ 60. Kc1 Ra3 61. Kb1 Rb3+ 62. Kc1 1/2-1/2

[Event "SLO-chT1 West"]
[Site "Ljubljana"]
[Date "2010.09.26"]
[Round "3.3"]
[White "Plaskan, Jure"]
[Black "Sirnik, Bostjan"]
[Result "1-0"]
[WhiteElo "2224"]
[BlackElo "2223"]
[PlyCount "69"]
[EventDate "2010.09.24"]
[EventType "team-tourn"]
[EventRounds "9"]
[EventCountry "SLO"]
[SourceTitle "CBM 138 Extra"]
[Source "ChessBase"]
[SourceDate "2010.10.29"]
[SourceVersion "1"]
[SourceVersionDate "2010.10.29"]
[SourceQuality "1"]
[WhiteTeam "Domzale"]
[BlackTeam "Koper"]
[WhiteTeamCountry "SLO"]
[BlackTeamCountry "SLO"]

1. e4 d6 2. d4 Nf6 3. Nc3 e5 4. Nf3 Nbd7 5. Bc4 Be7 6. 0-0 0-0 7. a4 a5 8. Re1 c6 9. b3 h6 10. Bb2 Nh7 11. dxe5 dxe5 12. Ne2 Bb4 13. c3 Bc5 14. Ng3 Ng5 15. Qe2 g6 16. Nxg5 hxg5 17. Rad1 Qf6 18. Bc1 Kg7 19. Be3 Bxe3 20. Qxe3 Qf4 21. Nf1 Nf6 22. f3 Qh4 23. Qf2 Qh5 24. Rd6 Rh8 25. Qg3 g4 26. f4 Re8 27. Qf2 exf4 28. Rxf6 Kxf6 29. Qxf4+ Bf5 30. Ng3 Qh7 31. Rf1 Rad8 32. exf5 g5 33. Qxg4 Re3 34. Nh5+ Ke5 35. Qxg5 1-0

[Event "Ljubljana-chT 63rd Superliga"]
[Site "Ljubljana"]
[Date "2010.03.18"]
[Round "9.2"]
[White "Sirnik, Bostjan"]
[Black "Guid, Matej"]
[Result "0-1"]
[WhiteElo "2221"]
[BlackElo "2278"]
[PlyCount "110"]
[EventDate "2010.01.07"]
[EventType "team-tourn"]
[EventRounds "9"]
[EventCountry "SLO"]
[SourceTitle "EXT 2022"]
[Source "ChessBase"]
[SourceDate "2021.10.06"]
[SourceVersion "1"]
[SourceVersionDate "2021.10.06"]
[SourceQuality "1"]
[WhiteTeam "Klinicni Center"]
[BlackTeam "Mentor"]
[WhiteTeamCountry "SLO"]
[BlackTeamCountry "SLO"]

1. d4 d5 2. c3 g6 3. Bf4 Bg7 4. Nd2 Nf6 5. e3 0-0 6. Ngf3 Nc6 7. Ne5 Nxe5 8. Bxe5 Nd7 9. Bxg7 Kxg7 10. Qf3 c6 11. Qg3 e5 12. dxe5 Re8 13. h4 Nxe5 14. h5 g5 15. h6+ Kh8 16. Nf3 f6 17. 0-0-0 Qe7 18. e4 dxe4 19. Nxe5 fxe5 20. Rh5 Bf5 21. Rxg5 Bg6 22. Bc4 b5 23. Bb3 Qf8 24. Rxg6 hxg6 25. Qxg6 Rad8 26. Rh1 Rd6 27. Qh5 Qf4+ 28. Kb1 Rf8 29. h7 Qf5 30. Qh4 Rg6 31. g3 Qxf2 32. Qxe4 Qxg3 33. Rd1 Rgf6 34. a4 Qg6 35. Re1 bxa4 36. Bxa4 Qxe4+ 37. Rxe4 Rf4 38. Bxc6 Rxe4 39. Bxe4 Rf4 40. Bd5 Kxh7 41. c4 Kg7 42. Kc2 Kf6 43. b4 e4 44. Bb7 Ke5 45. c5 Kd4 46. Ba6 Rf2+ 47. Kd1 Rf6 48. Bc8 Kd3 49. Ke1 Rh6 50. Bf5 Rh5 51. Bd7 Rh1+ 52. Kf2 e3+ 53. Kg2 Kd2 54. Bb5 Rh7 55. Kf3 Re7 0-1